All Los Angeles Neighborhoods - Statistics

General Stats
  • This quiz has been taken 25 times
  • The average score is 23 of 215
Answer Stats
Answer % Correct
Hollywood
89%
Downtown
83%
Chinatown
61%
Koreatown
61%
Echo park
56%
North Hollywood
56%
Bel air
50%
Venice
50%
Silver lake
44%
Studio city
44%
Van Nuys
44%
Watts
44%
Brentwood
39%
Encino
39%
Little Armenia
39%
San pedro
39%
Century city
33%
Highland park
33%
Little Tokyo
33%
Arts district
28%
Boyle heights
28%
Los feliz
28%
West Los Angeles
28%
Woodland hills
28%
Chatsworth
22%
Eagle rock
22%
East Hollywood
22%
Exposition park
22%
Fairfax
22%
Fashion District
22%
Hollywood hills
22%
Lincoln heights
22%
Mid-wilshire
22%
Pacific palisades
22%
Reseda
22%
Sherman Oaks
22%
Skid row
22%
South central
22%
Tarzana
22%
Thai town
22%
Beverly glen
17%
Crenshaw
17%
Cypress park
17%
Elysian heights
17%
Glassell park
17%
Hancock park
17%
Lake Balboa
17%
Mar vista
17%
Miracle mile
17%
Northridge
17%
Pacoima
17%
Palms
17%
Pico-Robertson
17%
Playa vista
17%
Sawtelle
17%
Tujunga
17%
Westchester
17%
West hills
17%
Westlake
17%
Winnetka
17%
Atwater village
11%
Baldwin hills
11%
Beverly grove
11%
Beverlywood
11%
Bunker Hill
11%
Canoga park
11%
Central city
11%
Cheviot hills
11%
Del rey
11%
Elysian park
11%
Florence
11%
Granada hills
11%
Harbor gateway
11%
Historic Filipinotown
11%
Holmby hills
11%
Little Ethiopia
11%
Mid-city
11%
Mount Washington
11%
Panorama city
11%
Pico union
11%
Playa del ray
11%
Porter ranch
11%
Rancho park
11%
Sun valley
11%
Sylmar
11%
Toluca lake
11%
University park
11%
Valley glen
11%
West Adams
11%
Wilmington
11%
Angelino Heights
6%
Angelus vista
6%
Arleta
6%
Arlington Heights
6%
Baldwin village
6%
Baldwin vista
6%
Benedict canyon
6%
Beverly crest
6%
Beverly park
6%
Carthay
6%
El Sereno
6%
Elysian valley
6%
Financial district
6%
Garvanza
6%
Gramercy park
6%
Harbor city
6%
Harvard heights
6%
Harvard park
6%
Hollywood hills west
6%
Jefferson park
6%
Lake view terrace
6%
Larchmont
6%
Laurel canyon
6%
Little bangladesh
6%
Little Italy
6%
Montecito heights
6%
North hills
6%
Outpost estates
6%
Park La brea
6%
Rustic Canyon
6%
South Park
6%
Terminal Island
6%
Toy district
6%
Valley village
6%
Vermont square
6%
Vermont vista
6%
West Adams Heights
6%
Angeles mesa
0%
Beachwood canyon
0%
Brentwood circle
0%
Brentwood glen
0%
Broadway-Manchester
0%
Brookside
0%
Byzantine-Latino quarter
0%
Canterbury Knolls
0%
Carthay circle
0%
Castle heights
0%
Central-Alameda
0%
Central business district
0%
Chesterfield Square
0%
Civic center
0%
Country club park
0%
Crenshaw manor
0%
Crestview
0%
Crestwood hills
0%
Cypress hills
0%
East gate Bel air
0%
Edendale
0%
Faircrest Heights
0%
Filipinotown
0%
Flower district
0%
Franklin hills
0%
Gallery row
0%
Green meadows
0%
Hansen heights
0%
Hermon
0%
Historic core
0%
Hollywood dell
0%
Hyde park
0%
Jewelry district
0%
Kinney heights
0%
La cienaga heights
0%
Ladera
0%
L.A. downtown industrial district
0%
Lafayette square
0%
Leimert park
0%
Manchester square
0%
Mandeville canyon
0%
Marina peninsula
0%
Melrose hill
0%
Mid-city heights
0%
Mid-city west
0%
Mission Hills
0%
Monterey hills
0%
Mount Olympus
0%
Naud junction
0%
Nichols canyon
0%
NoHo arts canyon
0%
North university park
0%
Oakwood
0%
Old bank district
0%
Old chinatown
0%
Picfair village
0%
Reynier village
0%
Rose hills
0%
Shadow hills
0%
Sherman village
0%
Solano Canyon
0%
Sonoratown
0%
South carthay
0%
South robertson
0%
Spaulding square
0%
Sunland
0%
Sunset Junction
0%
University hills
0%
University park north
0%
Vermont knolls
0%
Vermont-Slauson
0%
Victor Heights
0%
Victoria park
0%
Village green
0%
Virgil village
0%
Warehouse district
0%
Warner district
0%
Wellington square
0%
Westdale
0%
Western heights
0%
Westside village
0%
Whitley Heights
0%
Wholesale district
0%
Wilshire center
0%
Wilshire park
0%
Wilshire vista
0%
Windsor square
0%
Yucca corridor
0%
No matching quizzes found
Score Distribution
Percent of People with Each Score
Percentile by Number Answered
Your Score History
You have not taken this quiz